| 000 | 01146nam a2200325 a 4500 | ||
|---|---|---|---|
| 999 |
_c11517 _d11517 |
||
| 001 | 11517 | ||
| 003 | BD-JhCC | ||
| 005 | 20211201134022.0 | ||
| 008 | 170724s2016 nyua 000 0 eng | ||
| 020 | _a0764175009 (book with CDROM) | ||
| 020 | _a0764117661 (book only) | ||
| 020 | _a0764174673 (book w/compact disks) | ||
| 020 | _a0764174681 (cassettes package) | ||
| 020 | _a0764174703 (compact disks only package) | ||
| 035 | _a(BD-JhCC)11517 | ||
| 040 |
_aDLC _cDLC _dDLC _dBD-JhCC |
||
| 041 | _aeng | ||
| 050 | 0 | 0 |
_aPE1128 _b.S5 2001 |
| 082 | 0 | 0 |
_a428/.0076 _221 _bSHA 2016 |
| 100 | 1 | _aSharpe, Pamela J. | |
| 245 | 1 | 0 |
_aHow to prepare for the TOEFL test : _btest of English as a foreign language / _cPamela J. Sharpe. |
| 246 | 1 | 4 | _aBarron's how to prepare for the TOEFL |
| 250 | _a10th ed. | ||
| 260 |
_aHauppauge, N.Y. : _bBarron's, _cc2016. |
||
| 300 |
_aix, 704 p. : _bill. ; _c28 cm. + _e1 CD-ROM (4 3/4 in.) |
||
| 650 | 0 |
_aEnglish language _vTextbooks for foreign speakers. |
|
| 650 | 0 |
_aTest of English as a Foreign Language _vStudy guides. |
|
| 650 | 0 |
_aEnglish language _xExaminations _vStudy guides. |
|
| 942 |
_2ddc _cBK _01 |
||